000 00875nam a2200277Ia 4500
003 OSt
005 20221005060124.0
006 a|||||r|||| 00| 0
007 ta
008 221004b |||||||| |||| 00| 0 eng d
020 _a9780275991623 (hbk)
_c5931.75
024 _a89015
037 _b11804, 22/02/2008, Overseas Press
_cTextual
040 _aCRL
_cCRL
_beng
041 _2eng
_aeng
082 _aS55g, P8(RR)
100 _aDenmark Florence L. Ed.
_9323476
245 0 _aPsychology of women
_b a handbook of issues and theories
250 _a2nd
260 _aLondon
_bPrager Uk
_c2008
300 _axx,786p.
_ccm.
650 _aPSYCHOLOGY
700 _a Paludi Michele A. Ed.
_9148237
942 _hS55g, P8(RR)
_cTEXL
_2cc
999 _c966197
_d966197